Stations du métro parisien par lignes - Statistiques

Statistiques générales
  • Ce quiz a été pris 155 fois
  • Le résultat moyen est 141 sur 383
Statistiques - réponses
Ligne Sations % Correct
Ligne 11 | Ligne 14 | Ligne 4 | Ligne 7 Châtelet
77%
Ligne 4 | Ligne 5 Gare du Nord
75%
Ligne 1 Charles De Gaulle - Étoile
72%
Ligne 4 | Ligne 5 | Ligne 7 Gare de l'Est
72%
Ligne 12 | Ligne 13 | Ligne 4 | Ligne 6 Montparnasse - Bienvenüe
72%
Ligne 14 Gare de Lyon
69%
Ligne 1 La Défense
67%
Ligne 5 | Ligne 8 Bastille
66%
Ligne 1 Esplanade de la Défense
66%
Ligne 6 | Ligne 9 Nation
66%
Ligne 11 | Ligne 5 | Ligne 8 | Ligne 9 République
66%
Ligne 13 Champs-Élysées - Clémenceau
64%
Ligne 6 Charles De Gaulle - Étoile
64%
Ligne 14 | Ligne 6 Bercy
63%
Ligne 1 Concorde
61%
Ligne 4 Les Halles
61%
Ligne 1 Porte Maillot
61%
Ligne 10 | Ligne 5 Gare d'Austerlitz
59%
Ligne 1 Les Sablons
59%
Ligne 4 Porte de Clignancourt
59%
Ligne 12 | Ligne 13 | Ligne 14 Saint-Lazare
59%
Ligne 1 Argentine
58%
Ligne 11 Hôtel de Ville
58%
Ligne 1 Louvre - Rivoli
58%
Ligne 2 Pigalle
58%
Ligne 5 | Ligne 6 | Ligne 7 Place d'Italie
56%
Ligne 1 Saint-Paul
56%
Ligne 4 Barbès - Rochechouart
55%
Ligne 1 Champs-Élysées Clémenceau
55%
Ligne 4 Cité
55%
Ligne 12 | Ligne 8 Concorde
55%
Ligne 2 Couronnes
55%
Ligne 7 | Ligne 8 Opéra
55%
Ligne 1 Palais-Royal - Musée du Louvre
55%
Ligne 5 | Ligne 7 Stalingrad
55%
Ligne 1 Châtelet
53%
Ligne 4 | Ligne 6 Denfert-Rochereau
53%
Ligne 1 Gare de Lyon
53%
Ligne 1 | Ligne 2 Nation
53%
Ligne 2 Père Lachaise
53%
Ligne 1 Château de Vincennes
52%
Ligne 1 Bérault
50%
Ligne 3 Malesherbes
50%
Ligne 14 Olympiades
50%
Ligne 3 Pereire
50%
Ligne 11 | Ligne 3bis Porte des Lilas
50%
Ligne 4 Saint-Michel
50%
Ligne 1 Hôtel de Ville
48%
Ligne 2 Philippe Auguste
48%
Ligne 12 Pigalle
48%
Ligne 7 Porte d'Italie
48%
Ligne 3 Réaumur - Sébastopol
48%
Ligne 2 Rome
48%
Ligne 2 Stalingrad
48%
Ligne 2 Avron
47%
Ligne 1 Bastille
47%
Ligne 11 Belleville
47%
Ligne 9 Franklin D. Roosevelt
47%
Ligne 3 République
47%
Ligne 11 Arts et Métiers
45%
Ligne 1 Georges V
45%
Ligne 13 | Ligne 8 Invalides
45%
Ligne 5 | Ligne 7bis Jaurès
45%
Ligne 12 | Ligne 14 | Ligne 8 Madeleine
45%
Ligne 14 | Ligne 7 Pyramides
45%
Ligne 2 Ternes
45%
Ligne 1 Tuileries
45%
Ligne 3 Bourse
44%
Ligne 5 | Ligne 9 Oberkampf
44%
Ligne 10 | Ligne 4 Odéon
44%
Ligne 3 Opéra
44%
Ligne 13 Place de Clichy
44%
Ligne 11 | Ligne 7bis Place des Fêtes
44%
Ligne 4 Réaumur - Sébastopol
44%
Ligne 3 Saint-Lazare
44%
Ligne 4 | Ligne 8 | Ligne 9 Strasbourg - Saint-Denis
44%
Ligne 6 | Ligne 9 Trocadéro
44%
Ligne 3 Arts et Métiers
42%
Ligne 2 Blanche
42%
Ligne 4 Château d'Eau
42%
Ligne 7 Palais-Royal - Musée du Louvre
42%
Ligne 5 Porte de Pantin
42%
Ligne 4 Porte D'Orléans
42%
Ligne 1 Reuilly - Diderot
42%
Ligne 3 Villiers
42%
Ligne 2 Charles De Gaulle - Étoile
41%
Ligne 2 Courcelles
41%
Ligne 1 Franklin D. Roosevelt
41%
Ligne 3bis Gambetta
41%
Ligne 2 Ménilmontant
41%
Ligne 5 Quai de la Rapée
41%
Ligne 4 Saint-Sulpice
41%
Ligne 4 Alésia
39%
Ligne 2 Barbès - Rochechouart
39%
Ligne 4 Château Rouge
39%
Ligne 4 Étienne Marcel
39%
Ligne 8 | Ligne 9 Grands Boulevards
39%
Ligne 3 Père Lachaise
39%
Ligne 2 Place de Clichy
39%
Ligne 1 Pont de Neuilly
39%
Ligne 2 Porte Dauphine
39%
Ligne 13 Porte de Clichy
39%
Ligne 4 Saint-Placide
39%
Ligne 2 Victor Hugo
39%
Ligne 3 Anatole France
38%
Ligne 8 Balard
38%
Ligne 2 Belleville
38%
Ligne 3 Havre - Caumartin
38%
Ligne 2 Monceau
38%
Ligne 3 Parmentier
38%
Ligne 3 Porte de Bagnolet
38%
Ligne 12 Porte de la Chapelle
38%
Ligne 1 Porte de Vincennes
38%
Ligne 6 Quai de la Gare
38%
Ligne 4 | Ligne 6 Raspail
38%
Ligne 2 Villiers
38%
Ligne 12 Abbesses
36%
Ligne 6 Bir-Hakeim
36%
Ligne 7bis Buttes Chaumont
36%
Ligne 14 Cour Saint-Émilion
36%
Ligne 6 Glacière
36%
Ligne 9 Iéna
36%
Ligne 5 Laumière
36%
Ligne 7 | Ligne 7bis Louis Blanc
36%
Ligne 3 Louise Michel
36%
Ligne 6 Picpus
36%
Ligne 7 Porte de la Villette
36%
Ligne 9 Porte de Montreuil
36%
Ligne 11 Pyrénées
36%
Ligne 5 Richard-Lenoir
36%
Ligne 1 Saint-Mandé
36%
Ligne 3 Temple
36%
Ligne 2 Alexandre Dumas
34%
Ligne 2 Anvers
34%
Ligne 14 Bibliothèque François-Mitterand
34%
Ligne 8 | Ligne 9 Bonne-Nouvelle
34%
Ligne 10 | Ligne 13 Duroc
34%
Ligne 3 Gambetta
34%
Ligne 10 | Ligne 7 Jussieu
34%
Ligne 9 Mairie de Montreuil
34%
Ligne 4 Mairie de Montrouge
34%
Ligne 11 Mairie des Lilas
34%
Ligne 7 Mairie d'Ivry
34%
Ligne 5 Ourcq
34%
Ligne 6 Passy
34%
Ligne 7 Pont Neuf
34%
Ligne 10 Sèvres - Babylone
34%
Ligne 12 Sèvres - Babylone
34%
Ligne 7bis Botzaris
33%
Ligne 6 | Ligne 8 Daumesnil
33%
Ligne 9 Havre - Caumartin
33%
Ligne 11 Jourdain
33%
Ligne 2 La Chapelle
33%
Ligne 13 La Fourche
33%
Ligne 10 | Ligne 9 Michel-Ange - Molitor
33%
Ligne 8 Porte Dorée
33%
Ligne 11 Rambuteau
33%
Ligne 8 Reuilly - Diderot
33%
Ligne 3bis Saint-Fargeau
33%
Ligne 9 Voltaire
33%
Ligne 5 Bobigny - Pablo Picasso
31%
Ligne 8 Boucicaut
31%
Ligne 9 Charonne
31%
Ligne 8 Créteil - Préfecture
31%
Ligne 7 Crimée
31%
Ligne 7bis Danube
31%
Ligne 5 Église de Pantin
31%
Ligne 8 Filles du Calvaire
31%
Ligne 5 Jacques Bonsergent
31%
Ligne 2 Jaurès
31%
Ligne 12 Mairie d'Issy
31%
Ligne 12 | Ligne 4 Marcadet - Poissonniers
31%
Ligne 10 | Ligne 9 Michel-Ange - Auteuil
31%
Ligne 13 | Ligne 9 Miromesnil
31%
Ligne 13 Porte de Vanves
31%
Ligne 12 Porte de Versailles
31%
Ligne 4 Saint-Germain-des-Prés
31%
Ligne 4 Simplon
31%
Ligne 4 Vavin
31%
Ligne 12 Assemblée Nationale
30%
Ligne 6 Bel-Air
30%
Ligne 5 Bréguet - Sabin
30%
Ligne 7 Cadet
30%
Ligne 6 Cambronne
30%
Ligne 2 Colonel Fabien
30%
Ligne 8 Créteil - Université
30%
Ligne 6 Dugommier
30%
Ligne 6 Edgar Quinet
30%
Ligne 3 Europe
30%
Ligne 11 Goncourt
30%
Ligne 6 Kléber
30%
Ligne 9 Marcel Sembat
30%
Ligne 12 | Ligne 6 Pasteur
30%
Ligne 3 Pont de Levallois - Bécon
30%
Ligne 7 Pont Marie
30%
Ligne 7 Porte d'Ivry
30%
Ligne 9 Robespierre
30%
Ligne 3 Rue Saint-Maur
30%
Ligne 7 Tolbiac
30%
Ligne 12 Vaugirard
30%
Ligne 7bis Bolivar
28%
Ligne 7 Château-Landon
28%
Ligne 7 | Ligne 9 Chaussée d'Antin - Lafayette
28%
Ligne 6 Chevaleret
28%
Ligne 7 Corentin Cariou
28%
Ligne 6 Dupleix
28%
Ligne 3 Gallieni
28%
Ligne 3bis Pelleport
28%
Ligne 9 Pont de Sèvres
28%
Ligne 10 Porte d'Auteuil
28%
Ligne 7 Porte de Choisy
28%
Ligne 13 Porte de Saint-Ouen
28%
Ligne 3 Quatre-Septembre
28%
Ligne 9 Ranelagh
28%
Ligne 9 Rue de la Pompe
28%
Ligne 9 Rue des Boulets
28%
Ligne 6 Saint-Jacques
28%
Ligne 5 Saint-Marcel
28%
Ligne 12 Solférino
28%
Ligne 11 Télégraphe
28%
Ligne 5 Campo-Formio
27%
Ligne 8 Commerce
27%
Ligne 12 Convention
27%
Ligne 8 Créteil - l'Échat
27%
Ligne 9 Jasmin
27%
Ligne 7 La Courneuve - 8 Mai 1945
27%
Ligne 10 | Ligne 6 | Ligne 8 La Motte-Picquet - Grenelle
27%
Ligne 8 Liberté
27%
Ligne 13 Liège
27%
Ligne 8 Lourmel
27%
Ligne 7 Maison Blanche
27%
Ligne 8 Montgallet
27%
Ligne 7bis Pré Saint-Gervais
27%
Ligne 7 Riquet
27%
Ligne 3 Sentier
27%
Ligne 9 Alma - Marceau
25%
Ligne 9 Billancourt
25%
Ligne 8 Chemin Vert
25%
Ligne 6 Corvisart
25%
Ligne 8 École Militaire
25%
Ligne 5 Hoche
25%
Ligne 7 Les Gobelins
25%
Ligne 13 Mairie de Clichy
25%
Ligne 13 Mairie de Saint-Ouen
25%
Ligne 4 Mouton-Duvernet
25%
Ligne 6 Nationale
25%
Ligne 7 Place Monge
25%
Ligne 8 Porte de Charenton
25%
Ligne 8 | Ligne 9 Richelieu - Drouot
25%
Ligne 9 Saint-Augustin
25%
Ligne 6 Sèvres - Lecourbe
25%
Ligne 3 Wagram
25%
Ligne 6 Boissière
23%
Ligne 13 Brochant
23%
Ligne 9 Buzenval
23%
Ligne 13 Châtillon - Montrouge
23%
Ligne 10 Cluny - La Sorbonne
23%
Ligne 10 Église d'Auteuil
23%
Ligne 8 Félix Faure
23%
Ligne 9 La Muette
23%
Ligne 8 La Tour-Maubourg
23%
Ligne 9 Maraîchers
23%
Ligne 12 Marx Dormoy
23%
Ligne 10 Maubert - Mutualité
23%
Ligne 8 Pointe du Lac
23%
Ligne 7 Poissonnière
23%
Ligne 3 Porte de Champerret
23%
Ligne 12 Rennes
23%
Ligne 12 Rue du Bac
23%
Ligne 13 Saint-François-Xavier
23%
Ligne 7 Sully - Morland
23%
Ligne 13 Varenne
23%
Ligne 13 Basilique de Saint-Denis
22%
Ligne 5 Bobigny - Pantin - Raymond Queneau
22%
Ligne 8 École vétérinaire de Maisons-Alfort
22%
Ligne 8 Faidherbe - Chaligny
22%
Ligne 7 Fort d'Aubervilliers
22%
Ligne 12 Front Populaire
22%
Ligne 13 Gaîté
22%
Ligne 10 Javel - André Citroën
22%
Ligne 10 Mabillon
22%
Ligne 8 Maisons-Alfort - Stade
22%
Ligne 10 Mirabeau
22%
Ligne 13 Pernety
22%
Ligne 7 Pierre et Marie Curie
22%
Ligne 13 Plaisance
22%
Ligne 9 Porte de Saint-Cloud
22%
Ligne 12 Saint-Georges
22%
Ligne 9 Saint-Philippe du Roule
22%
Ligne 7 Aubervilliers - Pantin - Quatre Chemins
20%
Ligne 10 Boulogne - Jean Jaurès
20%
Ligne 10 Boulogne - Pont de Saint-Cloud
20%
Ligne 7 Censier - Daubenton
20%
Ligne 8 Charenton - Écoles
20%
Ligne 10 Charles Michels
20%
Ligne 13 Garibaldi
20%
Ligne 12 Lamarck - Caulaincourt
20%
Ligne 8 Ledru-Rollin
20%
Ligne 13 Les Courtilles
20%
Ligne 8 Michel Bizot
20%
Ligne 10 Vaneau
20%
Ligne 7 Villejuif - Louis Aragon
20%
Ligne 12 Volontaires
20%
Ligne 10 Chardon-Lagache
19%
Ligne 12 Corentin Celton
19%
Ligne 9 Croix de Chavaux
19%
Ligne 13 Gabriel Péri - Asnière - Genevilliers
19%
Ligne 13 Guy Môquet
19%
Ligne 7 Le Kremlin-Bicêtre
19%
Ligne 7 Le Peletier
19%
Ligne 8 Maisons-Alfort - Les Juilliottes
19%
Ligne 12 Notre-Dame-de-Lorette
19%
Ligne 9 Saint-Ambroise
19%
Ligne 8 Saint-Sébastien - Froissart
19%
Ligne 10 Avenue Émile-Zola
17%
Ligne 10 Cardinal Lemoine
17%
Ligne 13 Carrefour Pleyel
17%
Ligne 12 Falguière
17%
Ligne 13 Les Agnettes
17%
Ligne 12 Notre-Dame-des-Champs
17%
Ligne 13 Saint-Denis - Université
17%
Ligne 7 Villejuif - Léo Lagrange
17%
Ligne 7 Villejuif - Paul Vaillant-Couturier
17%
Ligne 9 Exelmans
16%
Ligne 12 Jules Joffrin
16%
Ligne 13 Malakoff - Plateau de Vanves
16%
Ligne 13 Malakoff - Rue Étienne Dolet
14%
Ligne 12 Trinité - d'Estienne d'Orves
13%
Ligne 13 Saint-Denis - Porte de Paris
11%
Ligne 10 Ségur
11%
Aucun quiz correspondant
Distribution des résultats
% des personnes avec chaque résultat
Percentile par nombre de réponses
Votre historique - résultats
Vous n’avez pas pris ce quiz